| 000 | 00911nam a22003017a 4500 | ||
|---|---|---|---|
| 003 | CHAP | ||
| 005 | 20220329143741.0 | ||
| 008 | 110602s1980 mx a r 00010 spa d | ||
| 010 | _a101388 | ||
| 011 | _a102360 | ||
| 020 | _a9684120656 | ||
| 035 | _a113048 | ||
| 040 | _cCHAP | ||
| 082 | 0 | 4 |
_a809 _bH43 1980 |
| 100 | 1 |
_aHernández R., Rafael. _954495 |
|
| 245 | 1 | 0 |
_aHistoria de la literatura universal _c/por Rafael Hernández R. |
| 250 | _a3 ed. | ||
| 260 |
_aMéxico, D.F. : _bEsfinge, _c1980 |
||
| 300 |
_a328 p. : _bilus. |
||
| 590 |
_aBATCH-UPD _b10 _c20130110 _lUCH01 _h1146 |
||
| 590 |
_aBATCH-UPD _b10 _c20130410 _lUCH01 _h0731 |
||
| 590 |
_aBATCH-UPD _b10 _c20130914 _lUCH01 _h1610 |
||
| 590 |
_aCONVERSION _b10 _c20130109 _lUCH01 _h1356 |
||
| 650 | 1 | 4 |
_aLiteratura _xHistoria. _967116 |
| 901 | _aBK | ||
| 942 | _cLIBRO | ||
| 949 |
_a809 H43 1980 _bBC _cLIBRO _d33724002247603 _eLIBRO _h115106 _i113048 _sb |
||
| 999 |
_c101388 _d101388 |
||